| 000 | 01441nam a22002297a 4500 | ||
|---|---|---|---|
| 999 |
_c63306 _d63306 |
||
| 003 | Ge_BSU | ||
| 005 | 20250801113845.0 | ||
| 008 | 250801s2018 ge ||||| |||| 00| 0 geo d | ||
| 020 | _a9789941417177 | ||
| 041 | _ageo | ||
| 080 | _a316(479.22)(092 ნიკოლაძე, ნ.)+821.353.1-92 ბ-29 | ||
| 100 |
_aბასილაძე, გიგა. _925723 |
||
| 245 |
_aნიკო ნიკოლაძის ეროვნული კონცეფცია და მისი საზოგადოებრივ-პუბლიცისტური მოღვაწეობა XIX ს-ის 70-80-იან წლებში : _b [მონოგრაფია] / _cგიგა ბასილაძე ; რედაქტორი ვლადიმერ წვერავა. |
||
| 264 |
_aქუთაისი : _bაკაკი წერეთლის სახელმწ. უნ-ტის გამ-ბა, _c2018. |
||
| 300 |
_a230 გვ. ; _b20 სმ. |
||
| 504 | _aბიბლიოგრ.: გვ. 216-229. | ||
| 653 | _aნიკოლაძე, ნიკო, 1843-1928. | ||
| 653 | _aქართველი საზოგადო მოღვაწეები. ქართული პუბლიცისტიკა. | ||
| 700 |
_a წვერავა, ვლადიმერ _eრედაქტორი _925724 |
||
| 773 | _tნაჩუქარი | ||
| 942 |
_2udc _cBK |
||